[Event "Druga liga Srbije grupa Vojvodina 2013"]
[Site "Stari Banovci"]
[Date "2013.11.06"]
[Round "4.4"]
[White "Jovanovic, Slobodan E"]
[Black "Vidic, Stevan"]
[Result "0-1"]
[WhiteElo "1883"]
[BlackElo "2278"]
[PlyCount "122"]
[EventDate "2013.11.04"]

1. e4 c5 2. Nf3 Nc6 3. d4 cxd4 4. Nxd4 e5 5. Nxc6 bxc6 6. Bd3 Nf6 7. O-O Bc5 8.
a3 O-O 9. Bg5 h6 10. Bh4 g5 11. Bg3 d6 12. Kh1 a5 13. Qe2 Bg4 14. f3 Be6 15.
Bf2 Bxf2 16. Qxf2 Nh5 17. Qd2 Qb6 18. b3 Rad8 19. Qf2 Qc7 20. Nc3 Ng7 21. g4 f6
22. Na4 Rb8 23. Qe2 Bf7 24. Nc3 Rfd8 25. Nd1 Ne6 26. Ne3 Nf4 27. Qd2 Be6 28.
Ng2 Ng6 29. Qc3 Kg7 30. Rfd1 Qb6 31. Qe1 Rd7 32. Qe3 Qc7 33. Rab1 Rh8 34. Kg1
h5 35. Qe2 hxg4 36. fxg4 Qa7+ 37. Qe3 Bxg4 38. Qxa7 Rxa7 39. Rd2 Rd8 40. Ne3
Be6 41. Bc4 Bxc4 42. Nf5+ Kf7 43. bxc4 Ke6 44. Rb6 Ne7 45. Nxe7 Kxe7 46. Rxc6
Rdd7 47. Rd5 Rac7 48. Rdxd6 Rxc6 49. Rxc6 Rd4 50. Ra6 Rxe4 51. Rxa5 Rxc4 52.
Ra7+ Ke6 53. a4 Rxc2 54. a5 Ra2 55. a6 Kf5 56. Ra8 Kf4 57. a7 f5 58. h3 e4 59.
h4 gxh4 60. Kh1 e3 61. Kg1 h3 0-1

[Event "Druga liga Srbije grupa Vojvodina 2013"]
[Site "Stari Banovci"]
[Date "2013.11.06"]
[Round "4.5"]
[White "Mujagic, Ramo"]
[Black "Stojanovic, Dalibor"]
[Result "0-1"]
[WhiteElo "2285"]
[BlackElo "2508"]
[PlyCount "82"]
[EventDate "2013.11.04"]

1. Nf3 Nf6 2. e3 g6 3. b3 Bg7 4. Bb2 O-O 5. Be2 d6 6. d4 Nfd7 7. Qc1 e5 8. Nbd2
Re8 9. dxe5 dxe5 10. O-O e4 11. Nd4 a6 12. b4 c5 13. bxc5 Nxc5 14. Rb1 Qg5 15.
Re1 Nbd7 16. Bf1 Nf6 17. g3 Bg4 18. Ne2 Bxe2 19. Bxe2 Rac8 20. Nc4 Rc6 21. Qd2
b5 22. Na5 Rcc8 23. Rec1 Red8 24. Qe1 Nfd7 25. Bxg7 Kxg7 26. Nb3 Ne5 27. Nxc5
Rxc5 28. Qb4 Qf5 29. Kg2 Rdc8 30. Qd2 Nf3 31. Qd1 Rd5 32. Bxf3 Rxd1 33. Bxd1
Rd8 34. Be2 Rd2 35. Kf1 Qc5 36. c4 b4 37. Ra1 a5 38. Ke1 Rb2 39. h4 a4 40. Bd1
b3 41. axb3 Qb4+ 0-1

[Event "Druga liga Srbije grupa Vojvodina 2013"]
[Site "Stari Banovci"]
[Date "2013.11.06"]
[Round "4.5"]
[White "Ratkovic, Milovan"]
[Black "Grujic, Zoran"]
[Result "1/2-1/2"]
[WhiteElo "2267"]
[BlackElo "2322"]
[PlyCount "68"]
[EventDate "2013.11.04"]

1. d4 Nf6 2. c4 g6 3. Nc3 Bg7 4. e4 d6 5. Nf3 O-O 6. h3 e5 7. d5 Na6 8. Bg5 Qe8
9. g4 Nc5 10. Nd2 a5 11. Be2 c6 12. h4 Bd7 13. Be3 Qe7 14. g5 Ne8 15. h5 Nc7
16. Nf1 cxd5 17. cxd5 N7a6 18. Ng3 a4 19. f3 Rfb8 20. Nb5 Bf8 21. Kf2 Qe8 22.
Na3 b5 23. Qg1 Qe7 24. Qh2 Rb7 25. Rag1 Rc8 26. hxg6 fxg6 27. Nh5 gxh5 28. g6
Be8 29. Qxh5 h6 30. Bxh6 Bxh6 31. Qxh6 Qg7 32. Qg5 Qe7 33. Qh6 Qg7 34. Qg5 Qe7
1/2-1/2

[Event "Druga liga Srbije grupa Vojvodina 2013"]
[Site "Stari Banovci"]
[Date "2013.11.06"]
[Round "4.5"]
[White "Ratkovic, Miloje"]
[Black "Krejic, Igor"]
[Result "1-0"]
[WhiteElo "2273"]
[BlackElo "2216"]
[PlyCount "51"]
[EventDate "2013.11.04"]

1. d4 Nf6 2. c4 e6 3. Nc3 Bb4 4. e3 b6 5. Nge2 c5 6. a3 Ba5 7. Rb1 Na6 8. d5
exd5 9. cxd5 b5 10. Ng3 b4 11. axb4 cxb4 12. Nb5 O-O 13. Bc4 Nc5 14. O-O Qb6
15. Nd4 Bb7 16. Ra1 Bxd5 17. Bxd5 Nxd5 18. e4 Nf6 19. e5 Nd5 20. Ndf5 Nc7 21.
Bh6 g6 22. Nd6 Qa6 23. Bxf8 Rxf8 24. Nge4 Nxe4 25. Nxe4 Qb5 26. Nd6 1-0

[Event "Druga liga Srbije grupa Vojvodina 2013"]
[Site "Stari Banovci"]
[Date "2013.11.06"]
[Round "4.5"]
[White "Dimitrijevic, Nenad"]
[Black "Desnica, Vladan"]
[Result "1/2-1/2"]
[WhiteElo "2197"]
[BlackElo "2274"]
[PlyCount "102"]
[EventDate "2013.11.04"]

1. b3 e5 2. Bb2 Nc6 3. e3 g6 4. Bb5 Bg7 5. f4 Nge7 6. Nf3 d6 7. O-O O-O 8. fxe5
dxe5 9. e4 a6 10. Be2 Bg4 11. h3 Bxf3 12. Bxf3 Nd4 13. d3 Nec6 14. Nc3 Nxf3+
15. Qxf3 Nd4 16. Qd1 c6 17. Ne2 Ne6 18. Ba3 Re8 19. Qe1 a5 20. Qf2 Qc7 21. Kh1
b5 22. Bb2 a4 23. Bc3 Re7 24. Ng1 Rd7 25. Nf3 c5 26. Qg3 Nd4 27. Rf2 axb3 28.
axb3 Rxa1+ 29. Bxa1 Nxf3 30. Qxf3 c4 31. dxc4 bxc4 32. Bc3 cxb3 33. cxb3 Qb7
34. Rd2 Rxd2 35. Bxd2 h5 36. Qd3 Bf8 37. b4 Qb6 38. b5 Bc5 39. Bg5 Qd6 40. Qxd6
Bxd6 41. Kg1 f5 42. Kf2 Kf7 43. Ke3 Ke6 44. Kd3 Bc7 45. Be3 Kd6 46. Kc4 fxe4
47. Bc5+ Ke6 48. b6 Bb8 49. Kb5 Kd5 50. Be3 Kd6 51. b7 Kc7 1/2-1/2

[Event "Druga liga Srbije grupa Vojvodina 2013"]
[Site "Stari Banovci"]
[Date "2013.11.06"]
[Round "4.5"]
[White "Orlov, Konstantin"]
[Black "Banovic, Ivan"]
[Result "1-0"]
[WhiteElo "2236"]
[BlackElo "2170"]
[PlyCount "115"]
[EventDate "2013.11.04"]

1. d4 Nf6 2. c4 g6 3. Nf3 Bg7 4. g3 O-O 5. Bg2 d6 6. Nc3 Nc6 7. O-O a6 8. e4
Bg4 9. Be3 Nd7 10. h3 Bxf3 11. Bxf3 e5 12. dxe5 dxe5 13. Ne2 Qe7 14. Qb3 Nd4
15. Nxd4 exd4 16. Bf4 Nc5 17. Qa3 Rfe8 18. Rfe1 Bf8 19. Rad1 Qd7 20. Qa5 b6 21.
Qd2 Ne6 22. Bg4 c5 23. b3 h5 24. Bxe6 Rxe6 25. Re2 Rae8 26. Qd3 Qc6 27. Rde1 b5
28. f3 b4 29. Ra1 Bd6 30. Bxd6 Qxd6 31. f4 Qc6 32. Rae1 a5 33. Kf2 Qc7 34. e5
Kh7 35. Qf3 Qc6 36. Qd5 R8e7 37. g4 Rd7 38. Qxc6 Rxc6 39. Kf3 a4 40. Ke4 axb3
41. axb3 Ra6 42. Kd3 Ra3 43. Rb2 Rd8 44. e6 fxe6 45. Rxe6 hxg4 46. hxg4 Kg7 47.
Rc6 Rh8 48. Rxc5 Rh3+ 49. Kxd4 Raxb3 50. Rxb3 Rxb3 51. g5 Kf7 52. Rb5 Rb1 53.
c5 Rd1+ 54. Ke5 Re1+ 55. Kd6 Rd1+ 56. Kc7 Rd4 57. c6 Rxf4 58. Kb7 1-0

[Event "Druga liga Srbije grupa Vojvodina 2013"]
[Site "Stari Banovci"]
[Date "2013.11.06"]
[Round "4.6"]
[White "Runic, Zoran"]
[Black "Galyas, Miklos"]
[Result "1-0"]
[WhiteElo "2424"]
[BlackElo "2435"]
[PlyCount "135"]
[EventDate "2013.11.04"]

1. e4 e6 2. d4 d5 3. e5 c5 4. c3 Qb6 5. Nf3 Nc6 6. a3 Nh6 7. Bd3 cxd4 8. cxd4
Nf5 9. Bxf5 exf5 10. Nc3 Be6 11. O-O Be7 12. Na4 Qd8 13. b4 b6 14. Be3 O-O 15.
Ne1 Qd7 16. Nd3 Rfc8 17. Qb3 Nb8 18. Ndb2 Nc6 19. f4 Rc7 20. Qd3 Rac8 21. Bd2
Nb8 22. Nc3 Nc6 23. Kh1 Bf8 24. Nbd1 a5 25. b5 Nxd4 26. Qxd4 Rc4 27. Qd3 d4 28.
Ne2 Bd5 29. Nf2 Qb7 30. Qg3 Be4 31. Ng1 Qd5 32. Nf3 Qxb5 33. Ng5 Bd5 34. Qd3 g6
35. Rfe1 Qc6 36. Nf3 Bxf3 37. gxf3 Rc2 38. Rec1 Qa4 39. Kg2 b5 40. Rxc2 Rxc2
41. Rb1 Qc4 42. Qxc4 bxc4 43. Bxa5 Bxa3 44. Rb8+ Kg7 45. Bd8 Bc1 46. Bf6+ Kh6
47. Kg3 d3 48. Bg5+ Kg7 49. Rb7 Kf8 50. Rb8+ Kg7 51. Bf6+ Kh6 52. Nh3 d2 53.
Rd8 Rc3 54. Rd7 Rd3 55. Rxd3 cxd3 56. Nf2 Ba3 57. Nd1 Bc5 58. Kh3 Kh5 59. Bh4
h6 60. Bf2 Bb4 61. Bd4 g5 62. Kg3 Ba3 63. Bc3 Bc1 64. Bb4 Kg6 65. Be7 Kh5 66.
h3 Kg6 67. fxg5 hxg5 68. f4 1-0

[Event "Druga liga Srbije grupa Vojvodina 2013"]
[Site "Stari Banovci"]
[Date "2013.11.06"]
[Round "4.6"]
[White "Elez, Nikola"]
[Black "Mijatovic, Dejan"]
[Result "1-0"]
[WhiteElo "2217"]
[BlackElo "2273"]
[PlyCount "91"]
[EventDate "2013.11.04"]

1. e4 c6 2. Nc3 d5 3. Nf3 Bg4 4. h3 Bxf3 5. Qxf3 dxe4 6. Nxe4 Nd7 7. d4 Ngf6 8.
Bd3 Nxe4 9. Qxe4 Nf6 10. Qh4 e6 11. O-O Nd5 12. Qg3 Nb4 13. Rd1 Nxd3 14. Rxd3
Qd7 15. Bf4 f6 16. h4 Kf7 17. c4 Rd8 18. Rad1 Bd6 19. a3 Rhe8 20. b4 Bxf4 21.
Qxf4 Re7 22. Qe4 Kg8 23. h5 b5 24. cxb5 cxb5 25. d5 exd5 26. Qxd5+ Qxd5 27.
Rxd5 Rxd5 28. Rxd5 a6 29. Rd6 Ra7 30. Kh2 h6 31. Kg3 a5 32. Rb6 a4 33. Rxb5 Rd7
34. Rf5 Rd3+ 35. Rf3 Rb3 36. Kf4 Kf7 37. Ke4 Rb2 38. Kd3 g6 39. hxg6+ Kxg6 40.
Kc4 h5 41. Kb5 Rb3 42. Rg3+ Rxg3 43. fxg3 Kf5 44. Kxa4 Kg4 45. b5 Kxg3 46. b6
1-0

[Event "Druga liga Srbije grupa Vojvodina 2013"]
[Site "Stari Banovci"]
[Date "2013.11.06"]
[Round "4.6"]
[White "Lalic, Dragan"]
[Black "Zobenica, Ivan"]
[Result "1-0"]
[WhiteElo "2266"]
[BlackElo "2064"]
[PlyCount "127"]
[EventDate "2013.11.04"]

1. e4 c5 2. d4 cxd4 3. c3 d3 4. Bxd3 d6 5. f4 Nf6 6. Nf3 Nc6 7. O-O e5 8. Kh1
Be7 9. c4 O-O 10. Nc3 h6 11. f5 a6 12. Be3 Rb8 13. a3 Bd7 14. b4 b5 15. cxb5
axb5 16. Qe2 Qc8 17. Rfc1 Qb7 18. Bf2 Rfe8 19. Bxb5 d5 20. exd5 Nd4 21. Nxd4
exd4 22. Bxd7 Qxd7 23. Bxd4 Bxb4 24. Qf3 Bxc3 25. Bxc3 Rb3 26. Qd1 Qxd5 27.
Bxf6 Qxd1+ 28. Rxd1 gxf6 29. Rdb1 Rxb1+ 30. Rxb1 Ra8 31. Rb3 Ra5 32. g4 h5 33.
gxh5 Rxf5 34. Rg3+ Kh7 35. Kg2 Kh6 36. Rh3 Rf4 37. Kg3 Rf1 38. Kg4 f5+ 39. Kg3
f6 40. Kg2 Re1 41. Kf2 Re4 42. Kf3 Re1 43. Kf4 Re5 44. Re3 Ra5 45. Rh3 Re5 46.
Kf3 Re1 47. Kf2 Re4 48. Kg2 Re2+ 49. Kf3 Re4 50. Kf2 Re5 51. a4 Ra5 52. Ra3
Kxh5 53. Kg3 Kg5 54. Kf3 f4 55. Ke4 Kg4 56. h3+ Kg5 57. Kf3 f5 58. Ra2 Kh4 59.
Ra1 Kg5 60. Ra3 Kh5 61. Kxf4 Kh4 62. Ra1 Kxh3 63. Ra2 Ra8 64. a5 1-0

[Event "Druga liga Srbije grupa Vojvodina 2013"]
[Site "Stari Banovci"]
[Date "2013.11.06"]
[Round "4.6"]
[White "Cecaric, Milan"]
[Black "Sevo, Dusan"]
[Result "0-1"]
[WhiteElo "1979"]
[BlackElo "2238"]
[PlyCount "75"]
[EventDate "2013.11.04"]

1. e4 g6 2. Nf3 Bg7 3. Nc3 d6 4. Bc4 Nf6 5. O-O O-O 6. d4 Bg4 7. h3 Bxf3 8.
Qxf3 Nc6 9. Rd1 Nd7 10. Be3 e5 11. d5 Ne7 12. Bg5 f6 13. Bh4 a6 14. b4 Kh8 15.
Qe2 f5 16. f3 f4 17. a4 Bf6 18. Bf2 Ng8 19. Kf1 Bh4 20. Bg1 Ngf6 21. Qd3 h5 22.
a5 g5 23. Ke2 g4 24. hxg4 hxg4 25. Bf2 Bxf2 26. Rh1+ Kg7 27. Kxf2 Rh8 28. Qd1
Nh5 29. Ne2 Qg5 30. Qg1 Ng3 31. Rxh8 Rxh8 32. Qe1 Rh4 33. fxg4 Nxe4+ 34. Kf1
Rh1+ 35. Ng1 Ng3+ 36. Kf2 Nf6 37. Nh3 Nge4+ 38. Kf3 0-1

[Event "Druga liga Srbije grupa Vojvodina 2013"]
[Site "Stari Banovci"]
[Date "2013.11.06"]
[Round "4.6"]
[White "Popov, Stevan"]
[Black "Gavric, Zivojin"]
[Result "1-0"]
[WhiteElo "2188"]
[BlackElo "2124"]
[PlyCount "67"]
[EventDate "2013.11.04"]

1. e4 c6 2. d4 d5 3. exd5 cxd5 4. Bd3 Nc6 5. c3 g6 6. Bf4 Bg7 7. Nf3 Nf6 8.
Nbd2 O-O 9. h3 Bf5 10. Bxf5 gxf5 11. Ne5 Nxe5 12. Bxe5 Ne4 13. Bxg7 Kxg7 14. g4
f4 15. Qe2 Nxd2 16. Qxd2 Qd6 17. O-O-O b5 18. Rhe1 Rfc8 19. Kb1 Rab8 20. Rc1
Rc6 21. Re5 f6 22. Rf5 e6 23. Rxf4 b4 24. Rf3 bxc3 25. Rfxc3 Qb4 26. R1c2 Rxc3
27. Qxc3 Qb5 28. b3 Kg6 29. Kb2 Rb6 30. f4 Qf1 31. Qe3 a5 32. f5+ exf5 33. Qe8+
Kg5 34. Qh5+ 1-0

[Event "Druga liga Srbije grupa Vojvodina 2013"]
[Site "Stari Banovci"]
[Date "2013.11.07"]
[Round "6.1"]
[White "Sertic, Rudolf"]
[Black "Sipos, Istvan"]
[Result "0-1"]
[WhiteElo "2358"]
[BlackElo "2474"]
[PlyCount "68"]
[EventDate "2013.11.04"]

1. d4 Nf6 2. c4 e6 3. Nc3 Bb4 4. e3 c5 5. Bd3 Nc6 6. Nf3 O-O 7. O-O Bxc3 8.
bxc3 d6 9. e4 e5 10. d5 Ne7 11. Ne1 Ng6 12. g3 Re8 13. Ng2 Rb8 14. f3 b6 15. g4
Nd7 16. Qe1 f6 17. h4 Ndf8 18. Qg3 h6 19. g5 hxg5 20. hxg5 fxg5 21. Bxg5 Qd7
22. Kh2 Nh7 23. Bd2 Kf7 24. f4 Rh8 25. Kg1 Nf6 26. f5 Ne7 27. Nh4 Ba6 28. Ng6
Nxg6 29. fxg6+ Ke7 30. Rf5 Qa4 31. Raf1 Bxc4 32. Bxc4 Qxc4 33. Rxf6 gxf6 34.
Qg4 Rh1+ 0-1

[Event "Druga liga Srbije grupa Vojvodina 2013"]
[Site "Stari Banovci"]
[Date "2013.11.07"]
[Round "6.1"]
[White "Bulajic, Ratko"]
[Black "Vujadinovic, Goran"]
[Result "0-1"]
[WhiteElo "2284"]
[BlackElo "2364"]
[PlyCount "68"]
[EventDate "2013.11.04"]

1. d4 d6 2. Nf3 g6 3. c4 Bg7 4. Nc3 Bg4 5. e3 c5 6. d5 Bxc3+ 7. bxc3 Qa5 8. Bd2
Nf6 9. h3 Bf5 10. Nh4 Be4 11. f3 g5 12. fxe4 gxh4 13. e5 dxe5 14. Qb1 Qa6 15.
Qf5 Nbd7 16. e4 Rg8 17. Qf3 Rg3 18. Qe2 O-O-O 19. Kf2 Nf8 20. Kg1 Ng6 21. Be1
Nf4 22. Qc2 Rg6 23. Bxh4 Rdg8 24. Rh2 Rh6 25. Be1 Rxh3 26. g3 Rhxg3+ 27. Bxg3
Rxg3+ 28. Kh1 h5 29. Be2 Qa3 30. Rg1 Rxc3 31. Qb1 Re3 32. Qf1 Nxe4 33. Bxh5
Ng3+ 34. Rxg3 Rxg3 0-1

[Event "Druga liga Srbije grupa Vojvodina 2013"]
[Site "Stari Banovci"]
[Date "2013.11.07"]
[Round "6.1"]
[White "Strangar, Zlatko"]
[Black "Mastrapovic, Vladimir"]
[Result "0-1"]
[WhiteElo "2245"]
[BlackElo "2280"]
[PlyCount "116"]
[EventDate "2013.11.04"]

1. e4 c5 2. Nc3 Nc6 3. Bb5 Nd4 4. Bc4 e6 5. Nge2 Nf6 6. a4 d5 7. exd5 exd5 8.
Ba2 Bg4 9. f3 Nxe2 10. Nxe2 Bf5 11. d4 c4 12. O-O Bd6 13. Bg5 Qc7 14. Nc3 O-O-O
15. Nb5 Bxh2+ 16. Kh1 Qg3 17. Qe1 Qxg5 18. Kxh2 a6 19. Na3 Rhe8 20. Qf2 Re3 21.
Nb1 Rde8 22. Nc3 Qf4+ 23. Kh1 Nh5 24. Rfe1 Ng3+ 25. Kg1 Qh4 26. Qd2 Rxe1+ 27.
Rxe1 Rxe1+ 28. Qxe1 Qh1+ 29. Kf2 Qxe1+ 30. Kxe1 Be6 31. b3 cxb3 32. Bxb3 Nf5
33. Ne2 Kd7 34. c3 Kd6 35. Kf2 Ne7 36. Nf4 Bd7 37. Nh5 g5 38. Ng3 b5 39. axb5
Bxb5 40. Ke3 a5 41. Ne2 Nf5+ 42. Kf2 h5 43. Bc2 Ng7 44. Nc1 a4 45. g3 a3 46. f4
Bc4 47. Bb1 f6 48. Na2 Ne6 49. fxg5 Nxg5 50. Nb4 Ne4+ 51. Bxe4 dxe4 52. Ke3 f5
53. Kf4 a2 54. Nc2 Bd3 55. Na1 Kd5 56. Ke3 Kc4 57. Kd2 h4 58. gxh4 f4 0-1

[Event "Druga liga Srbije grupa Vojvodina 2013"]
[Site "Stari Banovci"]
[Date "2013.11.07"]
[Round "6.1"]
[White "Bogic, Stevan"]
[Black "Ivanovic, Miroslav"]
[Result "0-1"]
[WhiteElo "2195"]
[BlackElo "2069"]
[PlyCount "86"]
[EventDate "2013.11.04"]

1. d4 Nf6 2. Nf3 e6 3. g3 c5 4. c4 cxd4 5. Nxd4 d5 6. Bg2 e5 7. Nb3 d4 8. O-O
Nc6 9. Bg5 Be7 10. N1d2 O-O 11. e3 Bg4 12. f3 Bh5 13. e4 Nd7 14. Bxe7 Qxe7 15.
g4 Bg6 16. Nc1 Qg5 17. Re1 h5 18. h3 f6 19. Nd3 Nd8 20. Nf1 Ne6 21. Ng3 Ndc5
22. Bh1 Nxd3 23. Qxd3 Nf4 24. Qb3 Kh7 25. Ne2 b6 26. Nxf4 Qxf4 27. Qd3 Rac8 28.
b3 b5 29. Rac1 Rc5 30. a4 a6 31. axb5 axb5 32. Ra1 bxc4 33. bxc4 Bf7 34. Rec1
Rfc8 35. Qb3 Qg3+ 36. Bg2 hxg4 37. hxg4 Rxc4 38. Rxc4 Rxc4 39. Qb2 d3 40. Rc1
Qf4 41. Rxc4 Bxc4 42. Kf2 Qh6 43. Qc3 Bb5 0-1

[Event "Druga liga Srbije grupa Vojvodina 2013"]
[Site "Stari Banovci"]
[Date "2013.11.07"]
[Round "6.1"]
[White "Roganovic, Nebojsa"]
[Black "Marcak, Dejan"]
[Result "1/2-1/2"]
[WhiteElo "2222"]
[BlackElo "2141"]
[PlyCount "82"]
[EventDate "2013.11.04"]

1. e4 c5 2. Nf3 e6 3. d4 cxd4 4. Nxd4 a6 5. Bd3 Qc7 6. O-O Nf6 7. c4 d6 8. Nc3
Bd7 9. Be3 Nc6 10. Nxc6 bxc6 11. f4 Be7 12. Rc1 c5 13. Bb1 Bc6 14. f5 Qb7 15.
fxe6 fxe6 16. e5 dxe5 17. Rxf6 Bxf6 18. Qh5+ g6 19. Qg4 Qe7 20. Ne4 Bxe4 21.
Bxe4 Rd8 22. Bc6+ Kf7 23. Bh6 Rd4 24. Qf3 Rh4 25. Bg5 Rh5 26. h4 h6 27. Rd1
hxg5 28. Rd7 Rxh4 29. Rxe7+ Kxe7 30. Qd3 Rd8 31. Qxg6 Rxc4 32. Qh7+ Kf8 33.
Qh6+ Kf7 34. Qh5+ Kg7 35. Be8 Rf4 36. Qg6+ Kh8 37. g3 Rd1+ 38. Kg2 Rd2+ 39. Kg1
Rd1+ 40. Kg2 Rd2+ 41. Kg1 Rd1+ 1/2-1/2

[Event "Druga liga Srbije grupa Vojvodina 2013"]
[Site "Stari Banovci"]
[Date "2013.11.07"]
[Round "6.2"]
[White "Indjic, Dusan"]
[Black "Marholev, Dimitar"]
[Result "1/2-1/2"]
[WhiteElo "2291"]
[BlackElo "2303"]
[PlyCount "30"]
[EventDate "2013.11.04"]

1. d4 Nf6 2. Nf3 g6 3. c4 Bg7 4. Nc3 O-O 5. e4 d6 6. Be2 c5 7. d5 e6 8. O-O
exd5 9. cxd5 Re8 10. Nd2 Na6 11. f4 Nd7 12. Kh1 Nb6 13. Bb5 Bd7 14. Bxd7 Nxd7
15. e5 dxe5 1/2-1/2

[Event "Druga liga Srbije grupa Vojvodina 2013"]
[Site "Stari Banovci"]
[Date "2013.11.07"]
[Round "6.2"]
[White "Dragojlovic, Andjelko"]
[Black "Petakov, Uros"]
[Result "1/2-1/2"]
[WhiteElo "2337"]
[BlackElo "2348"]
[PlyCount "185"]
[EventDate "2013.11.04"]

1. e4 c5 2. Nf3 g6 3. c3 Bg7 4. d4 cxd4 5. cxd4 d5 6. e5 Bg4 7. Bb5+ Nc6 8. Nc3
Nh6 9. Bxh6 Bxh6 10. h3 Bxf3 11. Qxf3 O-O 12. Rd1 e6 13. h4 f6 14. exf6 Qxf6
15. Qxf6 Rxf6 16. g3 Rc8 17. O-O Rf7 18. Rfe1 Bg7 19. Rxe6 Nxd4 20. Re8+ Rxe8
21. Bxe8 Re7 22. Ba4 Ne2+ 23. Nxe2 Rxe2 24. Rxd5 Bf8 25. Bb3 Kg7 26. Kf1 Re7
27. h5 Rc7 28. f4 Be7 29. hxg6 hxg6 30. Bd1 b6 31. Kg2 a5 32. a4 Kf7 33. Kf3
Rc5 34. Rd7 b5 35. Bb3+ Kf8 36. Ra7 bxa4 37. Bxa4 g5 38. Bd7 gxf4 39. gxf4 Kf7
40. f5 Kf6 41. Ra6+ Kf7 42. b3 Bd8 43. Be6+ Kf6 44. Kg4 Kg7 45. Ra8 Be7 46. Bc4
Re5 47. Ra6 Rc5 48. Rg6+ Kh7 49. Re6 Bf8 50. Rf6 Bg7 51. Rf7 Kh8 52. f6 Bxf6
53. Rxf6 a4 54. Rf7 axb3 55. Bxb3 Rc1 56. Bd5 Rd1 57. Bf3 Kg8 58. Rb7 Rg1+ 59.
Kh5 Rg7 60. Rb8+ Kf7 61. Be4 Kf6 62. Bg6 Re7 63. Kh6 Re5 64. Rf8+ Ke7 65. Rf4
Rc5 66. Kg7 Re5 67. Rf8 Ke6 68. Rf7 Rd5 69. Ra7 Rd7+ 70. Bf7+ Kd6 71. Ra5 Re7
72. Rd5+ Kc6 73. Rd2 Re5 74. Kf6 Re3 75. Be6 Rf3+ 76. Ke7 Kc5 77. Rd5+ Kc6 78.
Rd4 Re3 79. Rc4+ Kb6 80. Kd6 Rd3+ 81. Bd5 Kb5 82. Re4 Kb6 83. Rb4+ Ka5 84. Rb1
Rc3 85. Bc6 Ka6 86. Kc7 Rc5 87. Rb4 Rg5 88. Rb8 Ka5 89. Rb3 Ka6 90. Rb4 Rh5 91.
Kd6 Rg5 92. Bd5 Rg1 93. Rb8 1/2-1/2

[Event "Druga liga Srbije grupa Vojvodina 2013"]
[Site "Stari Banovci"]
[Date "2013.11.07"]
[Round "6.2"]
[White "Stanojevic, Branko"]
[Black "Petkovic, Radosav"]
[Result "1-0"]
[WhiteElo "2291"]
[BlackElo "2264"]
[PlyCount "111"]
[EventDate "2013.11.04"]

1. d4 f5 2. c4 Nf6 3. g3 d6 4. Nc3 g6 5. Bg2 Bg7 6. Nf3 O-O 7. O-O Nc6 8. d5
Na5 9. Qa4 c5 10. dxc6 Nxc6 11. Rd1 Kh8 12. c5 d5 13. Bf4 Be6 14. Qb5 Qc8 15.
Ng5 Bg8 16. Nxd5 h6 17. Nh3 Nxd5 18. Bxd5 Bxd5 19. Rxd5 e5 20. Bd2 Nd4 21. Qd7
Nxe2+ 22. Kf1 Nd4 23. Bc3 Qc6 24. Bxd4 exd4 25. Nf4 Rfd8 26. Qxc6 bxc6 27.
Rxd8+ Rxd8 28. Nxg6+ Kh7 29. Nf4 d3 30. Rd1 Bxb2 31. Nxd3 Ba3 32. Ke2 Rd5 33.
Rb1 Bxc5 34. Rb7+ Kg8 35. Nxc5 Rxc5 36. Rxa7 Rc3 37. a4 Ra3 38. h4 c5 39. Rc7
f4 40. gxf4 Rxa4 41. Kf3 Rc4 42. Kg4 Rc1 43. Kh5 Rf1 44. Kg6 Rg1+ 45. Kf6 Rg4
46. f5 Rxh4 47. Rxc5 Rg4 48. Rc3 Kh7 49. f3 Rg1 50. Rc7+ Kg8 51. Rc4 h5 52. Ke7
Rg7+ 53. Ke6 Rg3 54. Rf4 h4 55. f6 Rg1 56. Ke7 1-0

[Event "Druga liga Srbije grupa Vojvodina 2013"]
[Site "Stari Banovci"]
[Date "2013.11.07"]
[Round "6.2"]
[White "Kovacevic, Djordje"]
[Black "Jovic, Stevan"]
[Result "0-1"]
[WhiteElo "2104"]
[BlackElo "2244"]
[PlyCount "158"]
[EventDate "2013.11.04"]

1. c4 c6 2. Nf3 d5 3. cxd5 cxd5 4. d4 Nf6 5. Nc3 Nc6 6. e3 Bf5 7. Bd3 Bxd3 8.
Qxd3 e6 9. a3 Bd6 10. b4 O-O 11. h3 Rc8 12. Bb2 Nd7 13. O-O f5 14. Na4 Nb6 15.
Nc5 Qe7 16. g3 Nc4 17. Bc3 b6 18. Nb3 Nd8 19. Ne5 Qc7 20. Rfc1 Nf7 21. f4 Be7
22. Nd2 Nfd6 23. Nexc4 dxc4 24. Qe2 Qc6 25. Qg2 Qd5 26. h4 Rf6 27. Kf2 Rg6 28.
Qf3 a6 29. a4 Ne4+ 30. Nxe4 fxe4 31. Qe2 h5 32. a5 b5 33. Rh1 Rg4 34. Rag1 Qf5
35. Qe1 Rd8 36. Ke2 Rc8 37. Qf2 Qd5 38. Rb1 Rf8 39. Rhd1 Qf5 40. Rh1 Qg6 41.
Rhg1 Qf5 42. Rh1 Qd5 43. Rhd1 Kh7 44. Qh2 Qf5 45. Rh1 Rd8 46. Qf2 Rg6 47. Rbg1
Qd5 48. Qe1 Rf8 49. Rf1 Qd7 50. Kd2 Rc8 51. Qe2 Rg4 52. Rb1 Qe8 53. Rhg1 Qg6
54. Qh2 Rf8 55. Rbf1 Qf5 56. Qe2 Rf6 57. Qh2 Qd5 58. Qe2 Rfg6 59. Qf2 Bxb4 60.
Bxb4 c3+ 61. Bxc3 b4 62. Bb2 Qa2 63. Kc1 Qxa5 64. Qc2 Qb5 65. Qxe4 a5 66. Qc2
Rxg3 67. Re1 b3 68. Qe4 Qb4 69. Kd1 Kh6 70. Rxg3 Rxg3 71. Qxe6+ Rg6 72. Qd5 a4
73. Qc5 Qb7 74. d5 a3 75. Bxa3 b2 76. Bxb2 Qxb2 77. Qc1 Qb3+ 78. Ke2 Qxd5 79.
Rg1 Ra6 0-1

[Event "Druga liga Srbije grupa Vojvodina 2013"]
[Site "Stari Banovci"]
[Date "2013.11.07"]
[Round "6.2"]
[White "Dokic, Zoran"]
[Black "Skoko, Milan"]
[Result "0-1"]
[WhiteElo "2179"]
[BlackElo "2239"]
[PlyCount "108"]
[EventDate "2013.11.04"]

1. e4 c5 2. Nf3 Nc6 3. Bb5 g6 4. O-O Bg7 5. Re1 Nf6 6. c3 O-O 7. e5 Nd5 8. d4
cxd4 9. cxd4 Nc7 10. Bd3 d6 11. h3 dxe5 12. dxe5 Be6 13. Nc3 Nb4 14. Be4 Nbd5
15. Bd2 Nxc3 16. Bxc3 Bd5 17. Qe2 Bxe4 18. Qxe4 Nd5 19. Bd4 e6 20. Rad1 b6 21.
h4 Rc8 22. a3 Qc7 23. h5 Qc2 24. hxg6 fxg6 25. Qxc2 Rxc2 26. Ng5 Re8 27. g3 h6
28. Ne4 Rd8 29. Rd2 Rxd2 30. Nxd2 Ne7 31. Bc3 Nd5 32. Bd4 Kf7 33. Rc1 Ne7 34.
Nb3 Rd7 35. g4 g5 36. Rc2 Ng6 37. f3 Bxe5 38. Bxe5 Nxe5 39. Kf2 Nxf3 40. Kxf3
Rd3+ 41. Ke4 Rxb3 42. Rc7+ Kf6 43. Rh7 Rxb2 44. Rxh6+ Kg7 45. Rh3 Rb5 46. Rc3
Kf6 47. Rf3+ Ke7 48. Rh3 Rf5 49. Rc3 Kd6 50. Rd3+ Kc6 51. Rc3+ Rc5 52. Re3 Rc4+
53. Kd3 Rxg4 54. Rxe6+ Kd5 0-1

[Event "Druga liga Srbije grupa Vojvodina 2013"]
[Site "Stari Banovci"]
[Date "2013.11.07"]
[Round "6.3"]
[White "Cabarkapa, Novak"]
[Black "Bodiroga, Predrag"]
[Result "1-0"]
[WhiteElo "2402"]
[BlackElo "2389"]
[PlyCount "121"]
[EventDate "2013.11.04"]

1. e4 c6 2. d4 d5 3. e5 c5 4. dxc5 e6 5. a3 Bxc5 6. b4 Bb6 7. Nf3 Ne7 8. Bd3
Ng6 9. O-O Nc6 10. Bb2 O-O 11. g3 Qe7 12. Nbd2 Rd8 13. Qe2 Bd7 14. h4 h6 15. c4
dxc4 16. Nxc4 Bc7 17. h5 Nf8 18. Rfd1 Be8 19. Ne3 Bb6 20. Ng4 Kh8 21. Qe4 Rd5
22. Nf6 Rdd8 23. Bc2 Rxd1+ 24. Rxd1 Rd8 25. Rxd8 Nxd8 26. Qf4 Qc7 27. Bd3 Ba4
28. b5 Bd1 29. Ne8 Qc5 30. Bd4 Qd5 31. Qg4 Ng6 32. hxg6 Qxf3 33. Qxf3 Bxf3 34.
Bxb6 axb6 35. Nd6 Kg8 36. Kf1 Bh5 37. f4 fxg6 38. Kf2 g5 39. Nc8 gxf4 40. gxf4
g5 41. Kg3 Kf8 42. a4 Be8 43. Nxb6 Nf7 44. Be4 Nd8 45. Nc8 Bh5 46. Bf3 Bxf3 47.
Kxf3 Ke8 48. Nb6 Kf7 49. a5 Kg6 50. Nc8 h5 51. a6 bxa6 52. bxa6 g4+ 53. Kg3 Nc6
54. Ne7+ Nxe7 55. a7 Nf5+ 56. Kf2 Nd4 57. a8=Q Kf5 58. Ke3 Nc2+ 59. Kd2 Nd4 60.
Kd3 Nf3 61. Qe8 1-0

[Event "Druga liga Srbije grupa Vojvodina 2013"]
[Site "Stari Banovci"]
[Date "2013.11.07"]
[Round "6.3"]
[White "Remecki, Sinisa"]
[Black "Varga, Zoltan"]
[Result "0-1"]
[WhiteElo "2232"]
[BlackElo "2441"]
[PlyCount "60"]
[EventDate "2013.11.04"]

1. e4 Nf6 2. e5 Nd5 3. Nc3 Nb6 4. d4 g6 5. f4 d6 6. Nf3 Bg7 7. Be3 dxe5 8. dxe5
O-O 9. Bd3 Nc6 10. a3 f6 11. exf6 exf6 12. O-O Be6 13. f5 Bf7 14. b3 Re8 15.
Qd2 g5 16. h3 Bf8 17. Ne4 h6 18. Rad1 Nd5 19. Qf2 Bxa3 20. Bc5 Bxc5 21. Qxc5
Ncb4 22. Rfe1 b6 23. Qd4 Kg7 24. Qb2 Nxd3 25. Rxd3 Qe7 26. c4 Nf4 27. Rde3 Rad8
28. Qc3 a5 29. Nexg5 Qc5 30. Nxf7 Rd3 0-1